Score 0/24 Timer 04:00
0 Plays Today
Title Missing Word % Correct
_____ and ClydeBonnie
95.3%
You Only _____ TwiceLive
94.1%
Cool _____ LukeHand
91.9%
Guess Who's Coming To _____Dinner
91.8%
The Taming of the _____Shrew
91.2%
Casino _____Royale
91%
In the _____ of the NightHeat
84.9%
In Cold _____Blood
84.4%
The Dirty _____Dozen
84.1%
_____ of the DollsValley
77%
Thoroughly Modern _____Millie
69.5%
Double _____Trouble
67.5%
Title Missing Word % Correct
Far From the Madding _____Crowd
66.5%
How I Won the _____War
62.4%
Wait Until _____Dark
60.1%
The _____ BookJungle
56.6%
Doctor _____Dolittle
53.3%
In Like _____Flint
46.8%
_____ in the ParkBarefoot
39.3%
A Guide for the _____ ManMarried
36.9%
_____ American StyleDivorce
24.1%
The _____ of the GeneralsNight
20.8%
Tony _____Rome
12.1%
The _____-MobileGnome
8.8%

Today's Daily Dose

Remove Ads.
Support Sporcle.
Get the best of Sporcle when you Go Orange. This ad-free experience offers more features, more stats, and more fun while also helping to support Sporcle. Thank you for becoming a member.

You're not logged in!

Compare scores with friends on all Sporcle quizzes.
OR
Log In

Show Comments

Extras

Top Quizzes Today


Score Distribution

Your Account Isn't Verified!

In order to create a playlist on Sporcle, you need to verify the email address you used during registration. Go to your Sporcle Settings to finish the process.

Report this User

Report this user for behavior that violates our Community Guidelines.

Details: